000
00265nam a2200085Ia 4500
008
170620s9999 xx 000 0 und d
100
_a
Reddy- G. Lokanadha
245
0
_a
Anti Social Behavior in Students- Detection and management
260
_b
New Delhi- Discovery Publishing House
260
_c
2004
999
_c
24294
_d
24294